ბათუმის შოთა რუსთაველის სახელმწიფო უნივერსიტეტის ბიბლიოთეკა

Принципы построения технологиии тяжелого машиностроения. (ბიბ.ჩანაწერი № 38727)

000 -LEADER
fixed length control field 00697nam a2200205Ia 4500
001 - CONTROL NUMBER
control field 5042
003 - CONTROL NUMBER IDENTIFIER
control field GE_BSU
008 - FIXED-LENGTH DATA ELEMENTS--GENERAL INFORMATION
fixed length control field 181216s||||||||xx |||||||||||||| ||und||
040 ## - CATALOGING SOURCE
Transcribing agency GE_BSU
080 ## - UNIVERSAL DECIMAL CLASSIFICATION NUMBER
Universal Decimal Classification number 621.0
100 ## - MAIN ENTRY--PERSONAL NAME
Personal name Понов,В.А.
245 ## - TITLE STATEMENT
Title Принципы построения технологиии тяжелого машиностроения.
245 ## - TITLE STATEMENT
Statement of responsibility, etc. Вед.ред. Л.Н.Делюкин.
260 ## - PUBLICATION, DISTRIBUTION, ETC.
Place of publication, distribution, etc. М.
260 ## - PUBLICATION, DISTRIBUTION, ETC.
Name of publisher, distributor, etc. Машгиз.
260 ## - PUBLICATION, DISTRIBUTION, ETC.
Date of publication, distribution, etc. 1963.
300 ## - PHYSICAL DESCRIPTION
Extent 473 стр. с илл. 22см. Библиогр.: стр.474-476.
653 ## - INDEX TERM--UNCONTROLLED
Uncontrolled term Принципы построения технологиии тяжелого машиностроения.
942 ## - ADDED ENTRY ELEMENTS (KOHA)
Koha item type წიგნი
ეგზემპლარები
Withdrawn status Lost status Damaged status Not for loan Date acquired Barcode Date last seen Price effective from Koha item type
        2018-12-17 11095 2018-12-17 2018-12-17 წიგნი